| Поле | Инд. | ПП | Название | Значение |
|---|---|---|---|---|
| Тип записи | a | |||
| Библиографический уровень | m | |||
| 001 | Контрольный номер | RU/IS/BASE/307020070 | ||
| 005 | Дата корректировки | 20140703180605.5 | ||
| 040 | a | Служба первич. каталог. | НБ ТвГУ | |
| b | Код языка каталог. | rus | ||
| e | Правила каталог. | PSBO | ||
| 041 | 0_ | a | Код языка текста | rus |
| 080 | a | Индекс УДК | 141.7:177.6(430)(091)(043.3) | |
| 084 | a | Индекс другой классификации/Индекс ББК | Ю3(4Гем)5-563я031 | |
| 090 | a | Полочн. индекс | Ю3(4Гем) | |
| x | Авторский знак | С 14 | ||
| 100 | 1_ | a | Автор | Садунова Наталия Владимировна |
| q | Полное имя | Садунова Н. В. | ||
| 245 | 10 | a | Заглавие | Философия любви немецкого романтизма |
| b | Продолж. заглавия | автореф. дис. ... канд. филос. наук : 09.00.03 | ||
| c | Ответственность | Твер. гос. с.-х. акад., Каф. гуманит. наук | ||
| 260 | a | Место издания | Тверь | |
| b | Издательство | Тверской государственный университет | ||
| c | Дата издания | 2009 | ||
| 300 | a | Объем | 18 с. | |
| 500 | a | Примечание | На правах рукоп. | |
| 504 | a | Библиография | Библиогр. в конце ст. и в подстроч. примеч. | |
| 650 | a | Основная рубрика | Философия | |
| x | Основная подрубрика | История | ||
| y | Хронологическая подрубрика | 17-19 вв. | ||
| z | Географическая подрубрика | Германия | ||
| 650 | 14 | a | Основная рубрика | Немецкая философия |
| x | Основная подрубрика | Романтизм | ||
| 650 | 14 | a | Основная рубрика | Немецкий романтизм |
| 653 | a | Ключевые слова | История философии | |
| a | Ключевые слова | Любовь | ||
| a | Ключевые слова | Немецкая философия | ||
| a | Ключевые слова | Немецкий романтизм | ||
| a | Ключевые слова | Романтизм | ||
| a | Ключевые слова | Философия любви | ||
| a | Ключевые слова | Философия немецкого романтизма | ||
| a | Ключевые слова | Философия романтизма | ||
| a | Ключевые слова | Авторефераты | ||
| 930 | a | Новая/Ретро | авторефераты | |
| 952 | c | Вид литературы | А/Р н | |
| 954 | a | Дата поступления на обработку | 20090923 |